MARC details
| 000 -CABECERA |
| campo de control de longitud fija |
00967nmm a2200241 a 4500 |
| 005 - FECHA Y HORA DE LA ÚLTIMA TRANSACCIÓN |
| campo de control |
20240920063933.0 |
| 008 - ELEMENTOS DE LONGITUD FIJA--INFORMACIÓN GENERAL |
| campo de control de longitud fija |
041117s2003 mx b spa d |
| 020 ## - NÚMERO INTERNACIONAL NORMALIZADO PARA LIBROS |
| Número Internacional Estándar del Libro |
9702304636 |
| 035 ## - NÚMERO DE CONTROL DEL SISTEMA |
| Número de control de sistema |
UPN01000137270 |
| 049 ## - COLECCIÓN |
| Colección |
CD |
| 050 #4 - SIGNATURA TOPOGRÁFICA DE LA BIBLIOTECA DEL CONGRESO |
| Número de clasificación |
LC5219 E3 |
| Número de documento/Ítem |
D5.7 |
| 100 1# - ASIENTO PRINCIPAL--NOMBRE PERSONAL |
| Nombre de persona |
Díaz e Cossío, Roger |
| 245 00 - MENCIÓN DE TÍTULO |
| Título |
Números y cuentas para el comercio |
| Medio |
[CD-ROM] / |
| Mención de responsabilidad, etc. |
Roger Díaz de Cossío, Alfonso Ramón Bagur, Fausto Ramón Castaño. |
| 260 ## - PUBLICACIÓN, DISTRIBUCIÓN, ETC. |
| Lugar de publicación, distribución, etc. |
México : |
| Nombre del editor, distribuidor, etc. |
INEA, |
| Fecha de publicación, distribución, etc. |
2003. |
| 300 ## - DESCRIPCIÓN FÍSICA |
| Extensión |
1 CD-ROM : |
| Otras características físicas |
col. ; 4 3/4 plg. + |
| Material acompañante/anejo |
1 manual para utilizar el módulo: Números y cuentas para el comercio, Formato PDF (16 p.) |
| 440 #0 - MENCIÓN DE SERIE/ASIENTO SECUNDARIO--TÍTULO |
| Título |
Educación para la vida y el trabajo. |
| Nombre de parte o sección de la obra |
Matemáticas |
| 650 #4 - ASIENTO SECUNDARIO DE MATERIA - TERMINO TEMATICO |
| Término de materia o nombre geográfico como elemento de entrada |
ARITMETICA COMERCIAL |
| 9 (RLIN) |
7852 |
| 650 #4 - ASIENTO SECUNDARIO DE MATERIA - TERMINO TEMATICO |
| Término de materia o nombre geográfico como elemento de entrada |
Aritmética |
| Subdivisión de forma |
Problemas, ejercicios, etc. |
| 9 (RLIN) |
7854 |
| 650 #4 - ASIENTO SECUNDARIO DE MATERIA - TERMINO TEMATICO |
| Término de materia o nombre geográfico como elemento de entrada |
Educación de adultos |
| 9 (RLIN) |
956 |
| 700 1# - ASIENTO SECUNDARIO--NOMBRE DE PERSONAL |
| Nombre de persona |
Bagur, Alfonso Ramón, |
| Término indicativo de función/relación |
coaut. |
| 9 (RLIN) |
32252 |
| 700 1# - ASIENTO SECUNDARIO--NOMBRE DE PERSONAL |
| Nombre de persona |
Ramón Castaño, Fausto Enrique, |
| Término indicativo de función/relación |
coaut. |
| 9 (RLIN) |
32253 |
| 905 ## - TIPO DE MATERIAL |
| Tipo de material |
Electrónico |